01631nam a2200337 a 4500001001000000005001700010008004100027041000800068044000800076084002000084100005000104245019200154260002900346300002200375500013000397500019700527500001000724546002400734650005700758650006100815650003900876650005000915700005600965700004701021700002701068740005001095902000801145942001101153999001501164952011401179BRCA_324720190320204202.0110309s1818----enka---###---#000-0#eng-# aeng aenk a548b.W35c18181 aCervantes Saavedra, Miguel ded1547-1616921310aThe History and Adventures of the Renowned Don QuixotecTranslated from the Spanish of Miguel de Cervantes Saavedra by T. Smollett to which is Prefixed some Account of the Author´s Life. aLondresbJ. Walkerc1818 a2 v.bil.c13 cm. aContenido : v.1 Primera parte. Breve vida de Cervantes. Nota del traductor. Prólogo del autor. -- v.2. Segunda parte. Texto aEdición microscópica, nítidamente impresa. Va adornada con ilustraciones dibujadas por T. Uwins y grabadas por Warren. Piel; planos orlados y lomos adornados con dorados Lúdovik osterc aQM439 aTexto en : inglés14aNovela españolayÉpoca clásica, 1500-1700921514aLiteratura españolayÉpoca clásica, 1500-1700921614aNovela españolaySiglo XVII921714aDon Quijote (Personaje ficticio)eNovela92181 aSmollett, Tobias Georged1721-1771eTraductor986511 aUwins, Thomasd1782-1857eIlustrador986521 aWarreneGrabador986530 aEl Ingenioso Hidalgo Don Quijote de la Mancha aQFM 2lcccB c2983d2983 00104070aBRCAbBRCAd2009-03-11iQM439l0o548 .W35 1818 (QM439)p3244r2019-03-22 00:00:00w2019-03-22yB